000 00639nam a22002172 4500
001 0000004401
005 20151217145806.0
008 070523s xx 000 0 eng d
040 _aKABU
_cKABU
050 0 _aQA276
_bA2Y85
100 1 _aYule, G. Undy.
_@0000154941
245 1 3 _aAn Introduction to the theory of statistics /
_cG. Undy and M. G. Kendall.
250 _a14th ed.
260 _aNew Delhi :
_bUniversal Book Stall,
_c?.
300 _axxiv, 701 p.
650 0 _aStatistics.
_@0000149871
700 1 _aKendall, M. G.
_@0000154942
908 _a070523
950 _@1
999 _c2659
_d2659